000 01216cam a22003134a 4500
001 15564272
003 OSt
005 20230930151320.0
008 081222s2010 iaua b 001 0 eng
010 _a 2008054296
020 _a9780073401065 (hard copy : alk. paper)
020 _a0073401064 (hard copy : alk. paper)
040 _aDLC
_cDLC
_dDLC
050 0 0 _aTA345
_b.C47 2010
082 0 0 _a518.02462
_bCHA/N
100 1 _aChapra, Steven C.
245 1 0 _aNumerical methods for engineers /
_cSteven C. Chapra, Raymond P. Canale.
250 _a6th ed.
260 _aBoston :
_bMcGraw-Hill Higher Education,
_c2010.
300 _axviii, 968 p. :
_bill. ;
_c24 cm.
504 _aIncludes bibliographical references (p. 952-954) and index.
650 0 _aEngineering mathematics
_xData processing.
650 0 _aNumerical calculations
_xData processing
650 0 _aMicrocomputers
_xProgramming.
700 1 _aCanale, Raymond P.
906 _a7
_bcbc
_corignew
_d1
_eecip
_f20
_gy-gencatlg
942 _2ddc
_cBK
_h518.02462
_iCHA/N
_k518.02462
_mCHA/N
999 _c42349
_d42349